000 nam a22 7a 4500
999 _c9783
_d9783
008 180208b ||||| |||| 00| 0 eng d
100 _aRahbar, H
_95879
245 _aVivekanada The warrior saint
260 _aNew Delhi
_bVijay Goel Publication
_c2011